000 00207 a2200109 4500
020 _a2320007610452
041 _aspa
100 _aHarry Potter
245 _aY El Caliz De Fuego
942 _cBK
952 _71
999 _c24283
_d24283